| 000 | 00595nam a2200229Ia 4500 | ||
|---|---|---|---|
| 999 |
_c94694 _d94694 |
||
| 003 | 0100 | ||
| 005 | 20170602092437.0 | ||
| 008 | 130307s9999 xx 000 0 und d | ||
| 020 | _a1779220251 | ||
| 040 | _cARRUPELIB | ||
| 050 | _aDT2996.Z71 2004 | ||
| 245 | _aZimbabwe: The past is the future | ||
| 245 | _brethinking land, State and Nation in the context of crisis | ||
| 260 |
_bWeaver Press _aHarare _c2004 |
||
| 300 | _axiii | ||
| 300 | _b274p. 23 cm. | ||
| 650 |
_aZimbabwe _xPolitics _y1980 _917606 |
||
| 650 |
_bZimbabwe _xSocial conditions _926140 |
||
| 700 |
_aHarold-Barry, David (ed.) _931992 |
||
| 942 | 0 | 0 |
_03 _2lcc _cMONOGRAPH |